00467nam a2200193Ia 4500008004100000020001800041050001400059100001700073245003300090245001700123260001500140260001600155260000900171300001500180300002700195300001000222440003300232500000800265170918s9999 xx 000 0 und d a9780439161671 bH551 2000 aHerman, Gail aMap in the mystery machine / cGail Herman. aNew York : bScholastic, c2000 a32 pages : bcolored illustration ; c23cm. aScooby-doo! Readers level 2. a150